000 00226nam a22000857a 4500
008 160914b xxu||||| |||| 00| 0 eng d
100 _9480
_aSingh.A.etal.
245 _aMathematics-Lab-7
260 _aNew Delhi
_bESP. Publications
_c2011
999 _c3137
_d3137